000 00604nam a2200145Ia 4500
008 151213s9999 xx 000 0 und d
100 _aড. আবুল আজাদ।
245 _aকবি নজরুলের বিদ্রোহ ও কারাগারের বন্দীজীবন।
_cড. আবুল আজাদ।
260 _aঢাকা
_bগ্লোব লাইব্রেরী প্রা: লি:।
_c2003
300 _a8812 p.
650 _aBangla
650 _aজীব্নী গ্রন্থ।
700 _aড. আবুল আজাদ।
999 _c4597
_d4597